PRACTICAL PHARMACOGONOSY FOR FIRST YEAR DIPLOMA IN PHARMACY (Record no. 5789)

MARC details
000 -LEADER
fixed length control field 00458nam a22001697a 4500
005 - DATE AND TIME OF LATEST TRANSACTION
control field 20240108110548.0
008 - FIXED-LENGTH DATA ELEMENTS--GENERAL INFORMATION
fixed length control field 190326b xxu||||| |||| 00| 0 eng d
020 ## - INTERNATIONAL STANDARD BOOK NUMBER
ISBN 978-81-85790-36-7
041 ## - LANGUAGE CODE
Language code of text/sound track or separate title eng
100 ## - MAIN ENTRY--AUTHOR NAME
Personal name GOKHALE,S.B. AND KOKATE, DR. C.K.
245 ## - TITLE STATEMENT
Title PRACTICAL PHARMACOGONOSY FOR FIRST YEAR DIPLOMA IN PHARMACY
250 ## - EDITION STATEMENT
Edition statement 20TH , 2019
260 ## - PUBLICATION, DISTRIBUTION, ETC. (IMPRINT)
Place of publication PUNE
Name of publisher NIRALI PRAKASHAN
300 ## - PHYSICAL DESCRIPTION
Number of Pages 107 p,
650 ## - SUBJECT ADDED ENTRY--TOPICAL TERM
Topical Term PHARMACY
942 ## - ADDED ENTRY ELEMENTS (KOHA)
Koha item type Books
Holdings
Lost status Damaged status Collection code Home library Current library Shelving location Date acquired Source of acquisition Cost, normal purchase price Full call number Accession Number Koha item type
    PHARMACY JRU Library JRU Library Shelf - 27- B 26/03/2019 PURCHESS 100.00 615.32 22554 Books
    PHARMACY JRU Library JRU Library Shelf - 27- B 26/03/2019 PURCHESS 100.00 615.32 22555 Books
    PHARMACY JRU Library JRU Library Shelf - 27- B 26/03/2019 PURCHESS 100.00 615.32 22556 Books